000 00424nam a2200157 4500
001 132312
003 ES-MaACL
005 20230906194141.0
007 t|
008 070214s1913 fr r ||||1| fre d
100 1 _aRolet, Antonin.
_999159
245 1 4 _aLes vers a soie
_b: sericulture moderne /
_cAntonin Rolet.
260 _aParis :
_bLevé,
_c1913.
300 _a430 p. :
_bil. ;
_c18 cm.
852 _aES-MaACL
_jD-3798
999 _c132312
_d132312